A gazdasági, pénzügyi és adósságválság hatásai Szicíliára

Bibliográfiai részletek
Szerző: Dér Tamara
További közreműködők: Ferkelt Dr Balázs
Dokumentumtípus: Diplomadolgozat
Kulcsszavak:Szicília
Gazdasági válság
Pénzügyi válság
Online Access:http://dolgozattar.uni-bge.hu/538

MARC

LEADER 00000nta a2200000 i 4500
001 dolg538
005 20220825095548.0
008 150305suuuu hu om 000 hun d
040 |a BGE Dolgozattár Repozitórium  |b hun 
041 |a hu 
100 1 |a Dér Tamara 
245 1 2 |a A gazdasági, pénzügyi és adósságválság hatásai Szicíliára  |c Dér Tamara  |h [elektronikus dokumentum] 
246 1 1 |a A gazdasági, pénzügyi és adósságválság hatásai Szicíliára 
695 |a Szicília 
695 |a Gazdasági válság 
695 |a Pénzügyi válság 
700 1 |a Ferkelt Dr Balázs  |e ths 
856 4 0 |u http://dolgozattar.uni-bge.hu/538/1/szakdolgozat.der.tamara.pdf  |z Dokumentum-elérés